000 00329nam a2200133Ia 4500
005 20260328101451.0
008 260328s9999||||xx |||||||||||||| ||und||
100 _aTorrent, Rosalía
245 0 _aHistoria del Diseño Industrial /
_cRosalía Torrent
260 _bCátedra
300 _a505 p.
650 _aHISTORIA
942 _cBK
999 _c8654
_d8654